| 000 | 01758ngm a2200241Ia 4500 | ||
|---|---|---|---|
| 001 | CINE00679 | ||
| 003 | EcQuCN | ||
| 005 | 20240205094645.0 | ||
| 006 | a||||gr|||| 00| mz | ||
| 007 | mc nfubzzgazauz|c201508 | ||
| 008 | 150827s ec ||||g |||| 00| mzspa d | ||
| 040 | _aEcQuCN | ||
| 084 | _aVHSER0057.2 - DVDER259 - DVDER930.2 | ||
| 245 | 1 | 0 | _aLa cueva de Los Tayos (expedición japonesa); |
| 260 |
_aQuito _bCinemateca Nacional _c1993 |
||
| 300 | _a1H 16 minutos. | ||
| 380 | _aDocumental | ||
| 516 | _aVHS - DVD | ||
| 520 | 1 | _aDocumental presentado y narrada la expedición por Alfonso Espinosa de los Monteros. Entrevista a Alfredo Egas Rivadeneira guía del grupo. Los expedicionarios japoneses iniciaron la travesía en el mes de abril 1993. El libro el oro de los dioses de Erich von Daniken de mucha popularidad les inquieta y deciden hacer el viaje. Los japoneses llegan a la comunidad de los shuaras portando equipos de filmación sofisticados para soportar el maltrato y la humedad de las cuevas. En el trayecto encuentran pasadizos con paredes estrechas, pisan terreno escabroso, aparecen arañas, sancudos, cucarachas y otros insectos desconocidos de tamaño gigante. Encuentran al ave de la noche -Los Tayos- de ojos rojos. El guía, José, de la comunidad shuar es hijo del guía que acompañó a los expedicionarios británicos, allá por el año 1975. Entre los indígenas, desde mucho tiempo atrás, se dice que en las cuevas están escondidas reliquias históricas, que allí están templos hundidos, además las cuevas por la estructura que presentan son una maravilla de la naturaleza, son un tesoro escondido. Los japoneses así lo demuestran en el documental. | |
| 522 | _aEcuador | ||
| 650 | 4 | _aANTROPOLOGIA | |
| 942 |
_2z _cVHS |
||
| 999 |
_c724 _d724 |
||